[Event "Match/Team URS-World 21-19"]
[Site "London"]
[Date "1984.06.29"]
[Round "4.1"]
[White "Andersson, Ulf"]
[Black "Karpov, Anatoly"]
[Result "1/2-1/2"]
[WhiteElo "2630"]
[BlackElo "2700"]
[PlyCount "36"]
[EventDate "1984.06.24"]
[EventType "team"]
[EventRounds "4"]
[EventCountry "ENG"]
[SourceTitle "MCL"]
[Source "ChessBase"]
[SourceDate "1999.07.01"]
[SourceVersion "1"]
[SourceVersionDate "1999.07.01"]
[SourceQuality "1"]

1. Nf3 Nf6 2. c4 b6 3. d4 e6 4. a3 Bb7 5. Nc3 d5 6. Bg5 Be7 7. e3 O-O 8. Rc1 h6 9. Bh4 Nbd7 10. Bd3 c5 11. O-O cxd4 12. exd4 dxc4 13. Bxc4 Rc8 14. Bd3 $146 ({RR} 14. Ba2 Ne4 15. Bxe7 Qxe7 16. Nxe4 Bxe4 17. Qe2 Nf6 18. Bb1 Bxf3 19. Qxf3 Qd6 20. Qe3 Rfd8 21. h3 g5 22. Rxc8 Rxc8 23. f4 Nd5 24. Qd3 f5 25. Ba2 Nxf4 26. Rxf4 gxf4 27. Qxf5 Qxd4+ 28. Kh2 Rf8 {Solovyev,A (2155)-Vastrukhin,O (2343) Dzhubga RUS 2023 1-0 (32)}) ({RR} 14. Ba2 Ne4 15. Bxe7 Qxe7 16. Nxe4 Bxe4 17. Qe2 Nf6 18. Bb1 Bxf3 19. Qxf3 Qd6 20. Qe3 Rfd8 21. h3 g5 22. Rxc8 Rxc8 23. f4 Nd5 24. Qd3 f5 25. Ba2 Nxf4 26. Rxf4 gxf4 27. Qxf5 Qxd4+ 28. Kh2 Rf8 {Solovyev,A (2155)-Vastrukhin,O (2343) Dzhubga RUS 2023 1-0 (32)}) 14... Nh5 15. Bg3 Nxg3 16. hxg3 Nf6 17. Qe2 Rc7 18. Ba6 Bxa6 1/2-1/2

[Event "World-ch30-KK1 Karpov-Kasparov +5-3=40"]
[Site "Moscow"]
[Date "1984.12.19"]
[Round "34"]
[White "Kasparov, Garry"]
[Black "Karpov, Anatoly"]
[Result "1/2-1/2"]
[WhiteElo "2710"]
[BlackElo "2700"]
[PlyCount "40"]
[EventDate "1984.09.10"]
[EventType "match"]
[EventRounds "48"]
[EventCountry "URS"]
[SourceTitle "MainBase"]
[Source "ChessBase"]
[SourceDate "1999.07.01"]
[SourceVersion "2"]
[SourceVersionDate "1999.07.01"]
[SourceQuality "1"]

1. d4 Nf6 2. c4 e6 3. Nf3 d5 4. Nc3 Be7 5. Bg5 h6 6. Bh4 O-O 7. e3 b6 8. Be2 Bb7 9. Rc1 dxc4 10. Bxc4 Nbd7 11. O-O a6 ({RR} 11... c5 12. Qe2 a6 {½-½ (15) Portisch,L (2630)-Karpov,A (2720) Turin 1982}) 12. a4 c5 13. Qe2 cxd4 14. exd4 Nh5 ({RR} 14... Re8 15. Rfd1 Nf8 16. Ne5 Nd5 17. Bg3 Nd7 18. Ne4 N7f6 19. Bd3 Nb4 20. Bb1 Nxe4 21. Bxe4 Bxe4 22. Qxe4 Qd5 23. Qf4 Rf8 24. Qg4 f5 25. Qh5 f4 26. Bh4 Rf5 27. Qg4 h5 28. Qh3 g5 29. Ng6 {Oliveira,M (2005)-Elias,R (1846) Lisbon 2020 1-0 (64)}) 15. Bxe7 Qxe7 16. d5 Nf4 17. Qe3 $146 ({RR} 17. Qe4 Qf6 18. Rfd1 Nc5 19. Qe5 Qxe5 20. Nxe5 Nxd5 21. Bxd5 Bxd5 22. b4 Ne4 23. Nxd5 exd5 24. Nd7 Rfc8 25. Nxb6 Rxc1 26. Rxc1 Rd8 27. f3 Nf6 28. a5 d4 29. b5 axb5 30. a6 Nd5 31. Nxd5 Rxd5 {Michenka,J (2367)-Duhayon,Y (2263) Tatranske Zruby 2006 1-0 (33)}) 17... Qf6 18. Ne4 Qf5 19. Ng3 Qf6 20. Ne4 Qf5 1/2-1/2

[Event "World-ch30-KK1 Karpov-Kasparov +5-3=40"]
[Site "Moscow"]
[Date "1985.01.07"]
[Round "39"]
[White "Karpov, Anatoly"]
[Black "Kasparov, Garry"]
[Result "1/2-1/2"]
[WhiteElo "2705"]
[BlackElo "2715"]
[PlyCount "96"]
[EventDate "1984.09.10"]
[EventType "match"]
[EventRounds "48"]
[EventCountry "URS"]
[SourceTitle "MainBase"]
[Source "ChessBase"]
[SourceDate "1999.07.01"]
[SourceVersion "2"]
[SourceVersionDate "1999.07.01"]
[SourceQuality "1"]

1. Nf3 d5 2. d4 Nf6 3. c4 e6 4. Bg5 Be7 5. Nc3 h6 6. Bh4 O-O 7. e3 b6 8. Be2 Bb7 9. Bxf6 Bxf6 10. cxd5 exd5 11. O-O Nd7 12. b4 c5 13. bxc5 bxc5 14. Rb1 Bc6 15. Bb5 Qc7 16. Qc2 Rfd8 17. Rfc1 Rab8 18. a4 Qd6 19. dxc5 Nxc5 20. Bxc6 Qxc6 21. Nb5 Be7 22. Nxa7 $146 ({RR} 22. Qf5 Qe8 23. Ne5 Rb7 24. Nd4 Rc7 25. Nb5 Rb7 {½-½ (25) Kasparov,G (2715)-Karpov,A (2705) Moscow 1985}) 22... Qa6 23. Nb5 Qxa4 24. Qxa4 Nxa4 25. Nfd4 Rd7 26. Nc6 Rb6 27. Nbd4 Bf6 28. Rxb6 Nxb6 29. Rb1 Na4 30. g3 Nc5 31. Kg2 g6 32. Nf3 Rd6 33. Ncd4 Ne6 34. Rb8+ Kg7 35. Nb3 Rd7 36. Rb5 Bc3 37. Nc1 Ng5 38. Ne2 Ne4 39. Rb3 Rc7 40. Rb5 Rd7 41. Nf4 Nf6 42. h3 h5 43. Rb3 Ne4 44. Ra3 Kg8 45. Ra4 Nf6 46. g4 hxg4 47. hxg4 Nxg4 48. Ne2 d4 1/2-1/2

[Event "Bad Kissingen"]
[Site "Bad Kissingen"]
[Date "1980.02.06"]
[Round "5"]
[White "Karpov, Anatoly"]
[Black "Unzicker, Wolfgang"]
[Result "1-0"]
[WhiteElo "2725"]
[BlackElo "2510"]
[PlyCount "207"]
[EventDate "1980.01.29"]
[EventType "tourn"]
[EventRounds "6"]
[EventCountry "GER"]
[EventCategory "15"]
[SourceTitle "MCD"]
[Source "ChessBase"]
[SourceDate "1999.07.01"]
[SourceVersion "1"]
[SourceVersionDate "1999.07.01"]
[SourceQuality "1"]

1. c4 {Shirov,Alexei} e6 2. Nc3 d5 3. d4 Nf6 4. Nf3 Be7 5. Bg5 O-O 6. e3 h6 7. Bh4 b6 8. Qb3 dxc4 9. Bxc4 Bb7 10. O-O ({RR} 10. Ne5 Nfd7 ({RR} 10... Nbd7) 11. Nxf7 Rxf7 ({RR} 11... Kxf7 12. Bxe6+ Ke8 13. Qc2 ({RR} 13. Bg3) 13... Bxh4 14. Qg6+ Ke7 15. Bd5 Rxf2 16. Qe6+ Kf8 17. Qg8+ Ke7 18. Qxd8+ Kxd8 19. Bxb7 Rxg2+ 20. Kd1 Rxb2 21. Bxa8) 12. Bxe6 Bxh4 ({RR} 12... Qf8 13. Bxf7+ Qxf7 14. Bxe7) 13. Bxf7+ Kh8 14. Bd5 Nc6 ({RR} 14... c6 15. Bf3) 15. Qa4 ({RR} 15. O-O Nf6 ({RR} 15... Na5 16. Qc2) 16. Bf3 Na5 17. Qd1) 15... a6 ({RR} 15... Na5 16. Bxb7 Nxb7 17. O-O) 16. O-O ({RR} 16. Bxc6 b5 17. Bxb5 axb5 18. Qxb5 Bxg2 19. Rg1) 16... b5 17. Qd1 Nb6 18. Bf3 Qe8 19. a4 b4 20. Ne2 Rd8 21. Nf4 Bg5 22. Nd3 a5 23. Re1 ({RR} 23. Rc1) 23... Ba6 24. Nc5 Bc4 {Shirov,A (2695)-Beliavsky,A (2650) Belgrade 1995 CBM 051 [Shirov,Alexei] 1-0 (41)}) ({RR} 10. O-O-O Ne4 11. Bxe7 Qxe7 12. Nxe4 Bxe4 13. Ne5 Nc6 14. Nxc6 Bxc6 15. d5 exd5 16. Bxd5 Bxd5 17. Rxd5 Qf6 18. f3 c6 19. Rd3 c5 20. Qc3 Qe6 21. a3 Qa2 22. Kc2 Qe6 23. Rhd1 Rfe8 24. e4 Qg6 {Barria Zuniga,D (2341)-Rivera Perez,A (2166) chess.com INT 2025 ½-½ (76)}) 10... Nbd7 11. Rfd1 Ne4 12. Bg3 Nxc3 $146 ({RR} 12... Nxg3 13. hxg3 Nf6 14. Ne5 Bd6 15. Bb5 a6 16. Bc6 Bxc6 17. Nxc6 Qe8 18. Ne5 Bxe5 19. dxe5 Ng4 20. Qc4 Nxe5 21. Qxc7 Qb8 22. Qe7 Re8 23. Qh4 Qc7 24. Qf4 Rac8 25. Rac1 Nd7 26. Qf3 Nf6 27. Ne2 {Recoulat,E (2302)-Semprevivo,M (2102) Buenos Aires 2004 1-0 (38)}) ({RR} 12... h5 13. d5 Ndc5 14. Qc2 Nxc3 15. bxc3 exd5 16. Be2 Bf6 17. Be5 Re8 18. Qf5 Qd7 19. Qxd7 Nxd7 20. Bxc7 Rac8 21. Bf4 Rxc3 22. Nd4 Bxd4 23. Rxd4 Nf6 24. a4 Rc2 25. Bf3 Rec8 26. Be5 Ng4 27. Bxg4 {Bhakti,K (2275)-Zier,O (2131) Marianske Lazne 2011 0-1 (37)}) 13. bxc3 Bd6 14. a4 Bxg3 15. hxg3 Qf6 16. Nd2 c5 17. a5 Qe7 18. Bb5 Rfc8 19. axb6 Nxb6 20. Ba6 Rc7 21. Bxb7 Rxb7 22. Ne4 cxd4 23. cxd4 Nd5 24. Qd3 a5 25. Nc5 Rba7 26. Qb3 Nf6 27. Qb5 Qd8 28. Rdb1 Nd7 29. Qa4 Nb6 30. Qc6 Nd7 31. Nb7 Qe7 32. Nxa5 e5 33. Nb3 Rxa1 34. Nxa1 Ra2 35. Nc2 exd4 36. Qc8+ Kh7 37. Qc4 Ra8 38. Qd3+ Kg8 39. Nxd4 Nf6 40. Rc1 Qe4 41. Qe2 Rd8 42. Qf3 Qe5 43. Qf4 Qh5 44. f3 Nd5 45. Qe4 Nf6 46. Qf5 Qxf5 47. Nxf5 Rd3 48. g4 Nd7 49. Kf2 Ne5 50. Rc5 Ng6 51. Rc8+ Kh7 52. f4 Rd5 53. g3 Ra5 54. Rc7 Kg8 55. Nd6 Nh8 56. e4 Ra2+ 57. Kf3 Ra3+ 58. Kg2 f6 59. Re7 Rd3 60. Re8+ Kh7 61. Nf5 Nf7 62. Re6 Kg8 63. Kf2 Kf8 64. Ra6 Rd8 65. Ke3 Rb8 66. Ra7 Rd8 67. Nd4 Re8 68. Ra6 Rb8 69. Kd3 Rd8 70. Kc3 Rc8+ 71. Kb4 Re8 72. Ne6+ Kg8 73. Kc4 Nd8 74. Nc5 Nf7 75. Kd5 Rc8 76. Nd7 Nd8 77. Nc5 Nf7 78. Rc6 Ra8 79. Rc7 Kf8 80. Ne6+ Kg8 81. e5 fxe5 82. fxe5 Re8 83. Rd7 Ra8 84. Nc5 Re8 85. e6 Ng5 86. Kd6 Kf8 87. Ra7 Rd8+ 88. Nd7+ Ke8 89. Ra4 Nh7 90. Ke5 Nf8 91. Kf5 Nxd7 92. exd7+ Rxd7 93. Kg6 Kf8 94. Ra8+ Ke7 95. Kxg7 Rd4 96. Ra7+ Ke8 97. Kxh6 Rxg4 98. Rg7 Ra4 99. g4 Kf8 100. g5 Rg4 101. Ra7 Rg1 102. Kg6 Rg2 103. Ra8+ Ke7 104. Rg8 1-0

[Event "World-ch30-KK1 Karpov-Kasparov +5-3=40"]
[Site "Moscow"]
[Date "1985.01.09"]
[Round "40"]
[White "Kasparov, Garry"]
[Black "Karpov, Anatoly"]
[Result "1/2-1/2"]
[WhiteElo "2715"]
[BlackElo "2705"]
[PlyCount "140"]
[EventDate "1984.09.10"]
[EventType "match"]
[EventRounds "48"]
[EventCountry "URS"]
[SourceTitle "MainBase"]
[Source "ChessBase"]
[SourceDate "1999.07.01"]
[SourceVersion "2"]
[SourceVersionDate "1999.07.01"]
[SourceQuality "1"]

1. d4 {Stohl,Igor} ({RR} 1. c4 e6 2. Nf3 Nf6 3. Nc3 d5 {½-½ (18) Polugaevsky,L (2620)-Geller,E (2615) Moscow 1981}) 1... Nf6 2. c4 e6 3. Nf3 d5 4. Nc3 Be7 5. Bg5 h6 6. Bh4 O-O 7. e3 b6 8. Be2 Bb7 9. Bxf6 Bxf6 10. cxd5 exd5 11. b4 c5 ({RR} 11... c6 12. O-O Re8 13. Qb3 a5 14. a3 Nd7 15. b5 c5 16. Nxd5 Bxd4 17. Rad1 Ne5 18. Nxe5 Bxd5) 12. bxc5 bxc5 13. Rb1 Qa5 ({RR} 13... Bc6 14. O-O Nd7 15. Bb5 Qc7 16. Qd2 Rab8 17. Bxc6 Qxc6 18. dxc5 Bxc3 19. Qxc3 Qxc5 20. Qxc5 Nxc5 21. Nd4 Rfc8 22. f3 g6 23. Rxb8 Rxb8 24. Nc6 Re8 25. Kf2 Nd3+ 26. Ke2 Nf4+) 14. Qd2 cxd4 15. Nxd4 Bxd4 16. exd4 ({RR} 16. Qxd4 Nc6 17. Qd2) ({RR} 16. Qxd4 Nc6 17. Qd2 d4 18. exd4 Ba6 19. Bxa6 Qxa6 20. Ne2 Rfe8 21. Rb2 Nxd4 22. Qxd4 Rad8 23. Qc3 Rc8 24. Qd2 Rcd8 25. Qc3 Rc8 26. Qd2 Rcd8 27. Qb4 Qa5 28. Qxa5 Rc8 29. Qd2 Rcd8 30. Qf4 Rxe2+ {Bacallao Alonso,Y (2583)-Cruz,C (2564) Antofagasta 2019 ½-½ (31)}) 16... Bc6 ({RR} 16... Ba6 17. Nb5 Qd8 18. O-O Nc6 19. Rfd1 ({RR} 19. Rfc1 Qf6 20. Nc7 Bxe2 21. Nxa8 Bc4) 19... Qf6 20. Bf1 ({RR} 20. Bf3 Rab8 21. a4 Rfd8 22. Qc3 Bc8 23. Rbc1 a6 {RR} 24. Qxc6 Qxc6 25. Rxc6 axb5 26. axb5) 20... Rab8 21. a4 Rfc8 ({RR} 21... Bc8) ({RR} 21... Rfd8) 22. Rb3 Bxb5 23. axb5 Nd8 24. Qa2 Rc7 25. Ra3 Qf5 26. Re3 ({RR} 26. Rxa7 Rc2) 26... Ne6 ({RR} 26... Rc2 27. Re8+ Kh7 28. Qxc2 Qxc2 29. Bd3+) 27. Re5 Qg4 28. Be2 Qg6 29. g3 ({RR} 29. Qxd5 Rd8 ({RR} 29... Nf4 30. Qf3) 30. Qe4 Qxe4 31. Rxe4 Rcd7) 29... Rbc8 ({RR} 29... Nf4 30. Bf1) ({RR} 29... Rc2 30. Qxa7) 30. Bh5 Qf6 31. Qxd5 {Karpov,A (2725)-Short,N (2685) Linares 1992 Candidates [Stohl,Igor] 1-0 (45)} {RR} Rd8 32. Qe4 Rc4 33. Rf5) 17. Nb5 Qd8 18. O-O a6 $146 ({RR} 18... Nd7 19. Rfc1) ({RR} 18... Nd7 19. Rfc1 Bxb5 20. Rxb5 Nf6 21. f3 Qe7 22. Kf2 Rab8 23. Rcc5 Rxb5 24. Bxb5 Rb8 25. a4 Qd6 26. g3 Qe6 27. Qf4 Rb6 28. g4 a6 29. Bd3 Rb2+ 30. Bc2 g5 31. Qc1 Ra2 32. Qb1 Ra3 33. Qb8+ {Vaganian,R (2585)-Gomez Esteban,J (2440) Haifa 1989 1-0 (39)}) 19. Na3 Re8 20. Nc2 Rxe2 21. Qxe2 Bb5 22. Rxb5 axb5 23. Qxb5 Rxa2 24. Ne3 Ra5 25. Qb7 Qe8 26. Nxd5 Rb5 27. Qa8 Qd7 28. Nc3 Rb4 29. d5 Qc7 30. Nd1 Rb5 31. Ne3 Qa5 32. Qxa5 Rxa5 33. Rd1 Nd7 34. g4 g6 35. Kg2 Ra4 36. h3 Kg7 37. d6 Ra6 38. f4 Rc6 39. h4 Kf8 40. g5 hxg5 41. hxg5 f5 42. Rd4 Kf7 43. Nc4 Ke6 44. Kf3 Rc5 45. Ke3 Rb5 46. Kd2 Rd5 47. Rxd5 Kxd5 48. Ne5 Kxd6 49. Nxg6 Nc5 50. Nh4 Ke6 51. Ke3 Ne4 52. Nf3 Kf7 53. Kd4 Ke6 54. Kc4 Nf2 55. Kd4 Ne4 56. Ne1 Kd6 57. Nc2 Nc5 58. Ke3 Ne6 59. Nd4 Ng7 60. Kd2 Kc5 61. Kd3 Kd5 62. Ne2 Nh5 63. Ke3 Ng7 64. Ng3 Kd6 65. Kf3 Ke7 66. Ne2 Ne6 67. Ng3 Ng7 68. Nf1 Kf7 69. Ne3 Kg6 70. Nd5 Ne6 1/2-1/2

[Event "World Cup"]
[Site "Brussels"]
[Date "1988.??.??"]
[Round "4"]
[White "Karpov, Anatoly"]
[Black "Portisch, Lajos"]
[Result "1/2-1/2"]
[WhiteElo "2715"]
[BlackElo "2610"]
[PlyCount "112"]
[EventDate "1988.04.??"]
[EventType "tourn"]
[EventRounds "17"]
[EventCountry "BEL"]
[EventCategory "15"]
[SourceTitle "CBM 007"]
[Source "ChessBase"]
[SourceDate "1988.12.01"]
[SourceVersion "1"]
[SourceVersionDate "1988.12.01"]
[SourceQuality "1"]

1. d4 Nf6 2. c4 e6 3. Nf3 d5 4. Bg5 Be7 5. Nc3 O-O 6. e3 h6 7. Bh4 b6 8. Bd3 Bb7 9. O-O Nbd7 10. Qe2 c5 11. Rfd1 Ne4 12. Bg3 Nxg3 13. hxg3 cxd4 14. exd4 dxc4 15. Bxc4 Nf6 16. Ne5 ({RR} 16. Rac1 a6 17. a4 Bb4 18. Ne5 Qe7 19. f4 Bd6 20. g4 Nd7 21. Ne4 Bxe5 22. fxe5 Bxe4 23. Qxe4 Rfd8 24. Qe2 a5 25. d5 Kh8 26. d6 Qg5 27. Re1 Rac8 28. Rc3 Qf4 29. Bb5 Qd4+ 30. Qe3 Qxe3+ {Beliavsky,A (2645)-Georgiev,K (2595) Linares 1988 ½-½ (55)}) 16... Bb4 ({RR} 16... Nd5 17. Ne4 Bd6 18. Ba6 Bxa6 19. Qxa6 Nb4 20. Qb7 Qe7 21. Nxd6 Qxd6 22. Nxf7 Qd5 23. Qxd5 exd5 24. Ne5 Rac8 25. a3 Nc6 26. Rac1 Ne7 27. g4 Kh7 28. g3 Ng8 29. Kg2 Nf6 30. f3 Rfe8 31. Kf2 {Perdomo,L (2349)-Volkmann,A (2134) Caioba BRA 2026 ½-½ (47)}) 17. Qd3 $146 ({RR} 17. Rac1 Bxc3 18. bxc3 Re8 19. Bb3 Re7 20. c4 Rc8 21. f4 Rec7 22. Rc2 Qe7 23. Qe3 Nd7 24. Nf3 Nf6 25. Rdc1 Be4 26. Re2 Bd5 27. Nd2 Qa3 28. Rd1 Bb7 29. Nf3 Ng4 30. Qd3 a5 31. f5 a4 {Jobava,B (2518)-Lingnau,C (2419) Oldenburg 2001 0-1 (54)}) ({RR} 17. Rac1 Bxc3 18. bxc3 Re8 19. Bb3 Rc8 20. c4 Re7 21. Qe3 Rec7 22. f3 Nd7 23. Nxd7 Qxd7 24. g4 Qd8 25. d5 exd5 26. cxd5 Rxc1 27. Rxc1 Rxc1+ 28. Qxc1 Qd6 29. Qe3 Kf8 30. Ba4 g5 31. Qe8+ Kg7 {Romanishin,O (2555)-Portisch,L (2600) Biel 1996 ½-½ (36)}) ({RR} 17. Rac1 Rc8 18. Bb3 Qe7 19. Bc2 Kh8 20. Bg6 Kg8 21. Bb1 Rfd8 22. Qe3 Ba8 23. Kh2 Qb7 24. f3 Bf8 25. Ne4 Nd5 26. Qd3 g6 27. a3 Bg7 28. Qe2 Ne7 29. Nc3 Qb8 30. f4 Qb7 31. Be4 Qb8 {Bilobrk,F (2334)-Galic,I (2414) Mali Losinj 2019 0-1 (38)}) 17... Bxc3 18. bxc3 Rc8 19. Bb3 Be4 20. Qe3 b5 21. Rdc1 Qb6 22. g4 Rc7 23. a4 a6 24. axb5 axb5 25. f4 Bb7 26. g5 hxg5 27. fxg5 Ne4 28. Rab1 Qd6 29. Bd1 Rfc8 30. c4 Nxg5 31. Rxb5 f6 32. c5 Qd8 33. Nc4 Qd5 34. Rb2 Rd8 35. Rd2 Qe4 36. Rc3 Qh4 37. Bc2 Ra8 38. Ra3 Rxa3 39. Nxa3 Rc8 40. Bb3 Qg4 41. Bd1 Qh4 42. Nc2 Kf7 43. d5 Bxd5 44. Rd4 Be4 45. Ne1 Qh7 46. Bg4 Qg6 47. Nd3 Bc6 48. Nf4 Qb1+ 49. Rd1 Qa2 50. Rd2 Qb1+ 51. Rd1 Qe4 52. Qxe4 Bxe4 53. Rd7+ Kf8 54. Nxe6+ Nxe6 55. Bxe6 Rxc5 56. Rf7+ Ke8 1/2-1/2

[Event "Optiebeurs"]
[Site "Amsterdam"]
[Date "1988.??.??"]
[Round "1"]
[White "Timman, Jan H"]
[Black "Karpov, Anatoly"]
[Result "1/2-1/2"]
[WhiteElo "2675"]
[BlackElo "2715"]
[PlyCount "54"]
[EventDate "1988.05.??"]
[EventType "tourn"]
[EventRounds "12"]
[EventCountry "NED"]
[EventCategory "17"]
[SourceTitle "CBM 007"]
[Source "ChessBase"]
[SourceDate "1988.12.01"]
[SourceVersion "1"]
[SourceVersionDate "1988.12.01"]
[SourceQuality "1"]

1. d4 Nf6 2. c4 e6 3. Nf3 d5 4. Nc3 Be7 5. Bg5 h6 6. Bh4 O-O 7. e3 b6 8. Be2 Bb7 9. Bxf6 Bxf6 10. cxd5 exd5 11. b4 c5 12. bxc5 bxc5 13. Rb1 Qa5 14. O-O cxd4 15. Nxd4 Nc6 16. Ndb5 Ne7 17. Qa4 Qxa4 18. Nxa4 Bc6 19. Nc5 Rfc8 20. Rfc1 Bxb5 21. Bxb5 d4 $146 ({RR} 21... Rc7 22. Nd7 Bc3 23. Rb3 Ba5 24. Rxc7 Bxc7 25. g3 Rc8 26. Ba6 Ra8 27. Rb7 Bd6 28. Bb5 a5 29. Ba4 g6 30. Bb3 Kg7 31. a4 Bb4 32. Ne5 Rc8 33. Rb5 Rc1+ 34. Kg2 Bc3 35. Rb7 Bb4 36. Rb5 {Seirawan,Y (2595)-Karpov,A (2715) Brussels 1988 ½-½ (38)}) 22. Nd7 dxe3 23. Nxf6+ gxf6 24. fxe3 Rab8 25. Ba4 Kg7 26. Rxb8 Rxc1+ 27. Kf2 Rc7 1/2-1/2

[Event "Interpolis"]
[Site "Tilburg"]
[Date "1986.10.23"]
[Round "4"]
[White "Beliavsky, Alexander G"]
[Black "Karpov, Anatoly"]
[Result "1/2-1/2"]
[WhiteElo "2585"]
[BlackElo "2705"]
[PlyCount "46"]
[EventDate "1986.10.19"]
[EventType "tourn"]
[EventRounds "14"]
[EventCountry "NED"]
[EventCategory "15"]
[SourceTitle "CBM 003"]
[Source "ChessBase"]
[SourceDate "1988.04.01"]
[SourceVersion "1"]
[SourceVersionDate "1988.04.01"]
[SourceQuality "1"]

1. d4 Nf6 2. c4 e6 3. Nf3 d5 4. Nc3 Be7 5. Bg5 h6 6. Bh4 O-O 7. e3 b6 8. Bd3 Bb7 9. O-O c5 10. dxc5 dxc4 11. Bxc4 Qxd1 12. Rfxd1 Bxc5 13. Ne5 Rc8 14. Be2 Be7 15. Nc4 $146 ({RR} 15. Nb5 Rc5 16. Ng4 Rc2 17. Nxf6+ gxf6 18. Bd3 Rc8 19. Bg3 Na6 20. Bf1 Bf8 21. Nd6 Bxd6 22. Bxd6 Nc5 23. Be7 Kg7 24. Rd4 f5 25. Rh4 Ne4 26. f3 Nf6 27. Bb4 Kg6 28. Bc3 Nd5 29. Bd4 Nb4 {Arutinian,D (2532)-Kosyrev,V (2546) Moscow 2006 ½-½}) 15... Nc6 16. Bxf6 gxf6 17. Bf3 Na5 18. Bxb7 Nxb7 19. Rd7 Bb4 20. Rxb7 Rxc4 21. Rd1 Bxc3 22. bxc3 Rxc3 23. g3 Ra3 1/2-1/2

[Event "World Cup"]
[Site "Brussels"]
[Date "1988.??.??"]
[Round "13"]
[White "Seirawan, Yasser"]
[Black "Karpov, Anatoly"]
[Result "1/2-1/2"]
[WhiteElo "2595"]
[BlackElo "2715"]
[PlyCount "76"]
[EventDate "1988.04.??"]
[EventType "tourn"]
[EventRounds "17"]
[EventCountry "BEL"]
[EventCategory "15"]
[SourceTitle "CBM 007"]
[Source "ChessBase"]
[SourceDate "1988.12.01"]
[SourceVersion "1"]
[SourceVersionDate "1988.12.01"]
[SourceQuality "1"]

1. Nf3 Nf6 2. c4 e6 3. Nc3 d5 4. d4 Be7 5. Bg5 h6 6. Bh4 O-O 7. e3 b6 8. Be2 Bb7 9. Bxf6 Bxf6 10. cxd5 exd5 11. b4 c5 12. bxc5 bxc5 13. Rb1 Qa5 14. O-O cxd4 15. Nxd4 Nc6 16. Ndb5 Ne7 17. Qa4 Qxa4 18. Nxa4 Bc6 19. Nc5 Rfc8 20. Rfc1 Bxb5 21. Bxb5 Rc7 $146 ({RR} 21... d4 22. Nd7 dxe3 23. Nxf6+ gxf6 24. fxe3 Rab8 25. Ba4 Kg7 26. Rxb8 Rxc1+ 27. Kf2 Rc7 {½-½ (27) Timman,J (2675)-Karpov,A (2715) Amsterdam 1988}) 22. Nd7 Bc3 23. Rb3 Ba5 24. Rxc7 Bxc7 25. g3 Rc8 26. Ba6 Ra8 27. Rb7 Bd6 28. Bb5 a5 29. Ba4 g6 30. Bb3 Kg7 31. a4 Bb4 32. Ne5 Rc8 33. Rb5 Rc1+ 34. Kg2 Bc3 35. Rb7 Bb4 36. Rb5 Bc3 37. Rb7 Bb4 38. Rb5 Bc3 1/2-1/2

[Event "World-ch30-KK1 Karpov-Kasparov +5-3=40"]
[Site "Moscow"]
[Date "1985.01.16"]
[Round "42"]
[White "Kasparov, Garry"]
[Black "Karpov, Anatoly"]
[Result "1/2-1/2"]
[WhiteElo "2715"]
[BlackElo "2705"]
[PlyCount "52"]
[EventDate "1984.09.10"]
[EventType "match"]
[EventRounds "48"]
[EventCountry "URS"]
[SourceTitle "MainBase"]
[Source "ChessBase"]
[SourceDate "1999.07.01"]
[SourceVersion "2"]
[SourceVersionDate "1999.07.01"]
[SourceQuality "1"]

1. d4 {ChessBase} Nf6 2. c4 e6 3. Nf3 d5 4. Nc3 Be7 5. Bg5 h6 6. Bh4 O-O 7. e3 b6 8. Be2 Bb7 9. Bxf6 Bxf6 10. cxd5 exd5 11. b4 c5 12. bxc5 bxc5 13. Rb1 Bc6 14. O-O Nd7 15. Bb5 Qc7 16. Qc2 Rfc8 ({RR} 16... Rab8 17. Rfc1 Bxb5 18. Nxb5 Qc6 19. Nc3 cxd4 20. Nxd4 Bxd4 21. exd4 Rxb1 22. Nxb1 Qxc2 23. Rxc2 Rb8 24. Nd2 Nf8 25. g3 Ne6 26. Nb3 Rb4 27. Rc6 Ra4 28. Nc5 Rc4 29. Rd6 Nxc5 30. dxc5 Rxc5 31. Ra6 {Anand,V (2811)-Carlsen,M (2826) London 2011 ½-½ (33)}) ({RR} 16... Rab8 17. a4 Rfc8 18. Rfc1 Qd6 19. Ne2 c4 20. Nc3 g6 21. h3 h5 22. Rb2 Ba8 23. Rcb1 Nf8 24. a5 Bd8 25. a6 Bf6 26. Qa4 Be7 27. Ne5 f6 28. Nf3 Kg7 29. g3 Bd8 30. Qc2 Ba5 31. Na4 {Suleymenov,A (2373)-Grinev,V (2441) Dnipro 2019 1-0 (47)}) ({RR} 16... Rab8 17. dxc5 Bxc3 18. Bxc6 Qxc6 19. Qxc3 Qxc5 20. Qxc5 Nxc5 21. Nd4 Rfc8 22. Rfc1 Rxb1 23. Rxb1 Ne6 24. Nf5 Rc2 25. a3 Ra2 26. Ne7+ Kh7 27. Nxd5 Rxa3 28. h4 Ra5 29. e4 f5 30. exf5 Nd4 31. Ne3 {Karpov,A (2693)-Topalov,V (2739) Dubai 2002 ½-½ (31)}) 17. Rfc1 Bxb5 18. Nxb5 Qc6 19. dxc5 $146 ({RR} 19. Qd2 Rcb8 ({RR} 19... a6 20. Nc3 c4 21. Qc2 Rab8 22. e4 Rxb1 23. Rxb1 dxe4 24. Nxe4 Be7) 20. Nc3 Rxb1 21. Rxb1 Nb6 22. dxc5 Qxc5 23. Ne2 Rc8 24. Rc1 Qb5 25. Rxc8+ Nxc8 26. g3 Nb6 27. Kg2 Nc4 28. Qd3 Nd6 29. Qxb5 {½-½ (29) Khalifman,A (2645)-Portisch,L (2585) Biel 1993 CBM 037 [ChessBase]}) 19... Nxc5 20. Qf5 Qe6 21. Nfd4 Qxf5 22. Nxf5 Ne6 23. Rxc8+ Rxc8 24. Nxa7 Rc2 25. Nb5 Rxa2 26. h3 Ra5 1/2-1/2